Városunk elismerésben részesült nemzeti ünnepünkőn

Bibliographic Details
Format: Article
Language:Slovak
Subjects:

MARC

LEADER 00000nab a2200000 ar4500
001 vtls008963217
003 SK-MaSNL
005 20260318140657.0
008 070411c2007 xo wr|p|||||||000 b|slo
038 |a KNKJS 
040 |a KNKJS  |b slo  |c KNKJS  |e AACR2 
041 0 |a slo 
044 |a xo  |c SK 
080 |a 061.75  |2 2001 
245 0 0 |a Városunk elismerésben részesült nemzeti ünnepünkőn 
300 |b Fotogr. 
650 0 7 |a 15. marec 1848  |2 knkjs  |9 1024195 
650 0 7 |a spomienkové podujatia  |2 knkjs  |9 120764 
651 7 |a Komárno (Slovensko)  |2 knkjs  |9 39168 
773 0 |t Komárňanské listy=Komáromi lapok  |g Roč. XVII, č. 6 (2007), s. 1, 6-7 
852 |a KNKJS  |b KIS3GCP 
958 |a HU 
999 |c 1898103  |d 1900033